Ekonomická a sociálna súdržnosť a princípy regionálnej politiky Európskej únie

Bibliographic Details
Main Authors: Ivaničková, Alžbeta, 1942- (Author), Ivaničková, Alžbeta ml (Author)
Format: Article
Language:Slovak
PhysicalDescription:Tab.
ISSN:0013-3035
Subjects:

MARC

LEADER 00000nab a2200000 a 4500
001 vtls000827709
003 SK-MaSNL
005 20260304105809.0
008 250429c2002 xo 0 slo
015 |a SNBRB2003/03-07759 
035 |a CLN000179364 
035 |a urn:nbn:sk:snk-ab6s7d 
035 |a (uuid)7d29b106-9244-4008-a467-e4041c1fc684 
035 |a (urnnbn)urn:nbn:sk:snk:ar-a05hs6 
035 |a (sysno)vtls000827709 
040 |a SNKBUCL  |b slo  |c SNKBUCL  |e AACR2 
041 0 |a slo 
044 |a xo  |c SK 
080 |a 339.923(4):339.97  |2 1997 
080 |a 339.97(4)  |2 1997 
080 |a 339.9.012.435(4)  |2 1997 
100 1 |a Ivaničková, Alžbeta,  |d 1942-  |4 aut  |9 213688 
245 1 0 |a Ekonomická a sociálna súdržnosť a princípy regionálnej politiky Európskej únie  |c Alžbeta Ivaničková, Alžbeta Ivaničková ml. 
300 |b Tab. 
504 |a Res. angl. 
504 |a Bibliogr. odkazy 
610 7 |a Európska únia  |2 snkbucl  |9 29861 
650 0 7 |a regionálna politika  |2 snkbucl  |9 2351 
650 0 7 |a trh európsky spoločný  |2 snkbucl  |9 838556 
655 7 |a články z novín a časopisov  |2 snkbucl  |9 267496 
700 1 |a Ivaničková, Alžbeta  |c ml.  |4 aut  |9 1407571 
773 0 |t Ekonomický časopis  |g Roč. 50, č. 6 (2002), s. 939-956  |x 0013-3035 
850 |a Slovenská národná knižnica 
852 |a Slovenská národná knižnica 
954 |a odborná, vedecká literatúra pôvodná (slovenská)  |2 lita 
958 |a article27 
958 |a NB 
958 |a OND 
958 |a EUIPO 
992 |a RBX 
999 |c 2857170  |d 2859100